Blindsight : a case study and implications /

Bibliographic Details
Main Author: Weiskrantz, Lawrence
Format: Book
Language:English
Published: Oxford [Oxfordshire] : New York : Clarendon Press ; Oxford University Press, 1986.
Series:Oxford psychology series ; no. 12.
Subjects:

MARC

Tag First Indicator Second Indicator Subfields
LEADER 00000cam a22000008a 4500
001 in00000017573
005 20151007053440.0
008 860506s1986 enka b 00110 eng
010 |a  86012515  
020 |a 0198521294 :  |c $23.00 
035 |a (OCoLC)13642645 
035 |9 AAB1683AM 
040 |a DLC  |c DLC  |d m/c  |d TXA  |d UtOrBLW 
049 |a TXAM  |c [A11047999] 
050 0 0 |a RE725  |b .W45 1986 
082 0 |a 617.7  |2 19 
100 1 |a Weiskrantz, Lawrence. 
245 1 0 |a Blindsight :  |b a case study and implications /  |c L. Weiskrantz. 
263 |a 8609 
264 1 |a Oxford [Oxfordshire] :  |b Clarendon Press ;  |a New York :  |b Oxford University Press,  |c 1986. 
300 |a viii, 187 pages :  |b illustrations 
336 |a text  |b txt  |2 rdacontent 
337 |a unmediated  |b n  |2 rdamedia 
338 |a volume  |b nc  |2 rdacarrier 
490 1 |a Oxford psychology series ;  |v no. 12 
504 |a Bibliography: pages [175]-181. 
500 |a Includes indexes. 
650 0 |a Blindness  |x Case studies. 
650 0 |a Visual cortex  |x Diseases  |x Case studies. 
650 0 |a Neuropsychology  |x Case studies. 
830 0 |a Oxford psychology series ;  |v no. 12. 
999 |a MARS 
999 f f |s 6828b453-3e6e-3d18-99f3-e71422840775  |i d1496af5-de4a-318e-b423-2238f68d2450  |t 0 
952 f f |p ric  |a Texas A&M University  |b Rellis Campus  |c Joint Library Facility  |d Remote Storage  |t 0  |e RE725 .W45 1986  |h Library of Congress classification  |i unmediated -- volume  |m A14811047999 
998 f f |a RE725 .W45 1986  |t 0  |l Remote Storage